000
00242cam a2200109 4500
008
000000n 000 0 eng u
035
_a
(Sirsi) u105215
100
_a
Smith, Jim
245
_a
Edinburgh order test
350
_a
10.00
942
_n
0
999
_c
100331
_d
100331